000 00590nam a2200229Ia 4500
003 OSt
005 20220928110712.0
006 a|||||r|||| 00| 0
007 ta
008 220927b |||||||| |||| 00| 0 eng d
024 _a49637
037 _cTextual
040 _aSDCL
_cSDCL
_beng
041 _2eng
_aeng
082 _aO152,3D20,1x, P4
100 _aVishnu Shrma
_9420341
245 0 _aPachtantam.
260 _aDelhi
_bSanskrit Ganthagar
_c1994
300 _a514p.
_ccm.
942 _hO152,3D20,1x, P4
_cTEXL
_2CC
999 _c736557
_d736557